00933nam a2200289 a 450000100060000000300080000600500170001400800410003102000230007203500210009503500240011603500260014003500190016603500170018504000370020204100080023908200270024710000420027424500680031625000130038426000980039730000210049550000400051665000250055670000390058170000230062037134BD-RjUL20211209052600.0141019s1989 nyu d 000 0 eng d a0582463629 (pbk) : a(OCoLC)501416593 a(OCoLC)ocn501416593 a(CStRLIN)NYCM89-B4816 a(BD-RjUL)37236 a(NNC)3947044 aUkcUkdDLCdCStRLINdNNC-Mbeng aeng04a574.0321219bHEB 19891 aHenderson, I. F.q(Isabella Ferguson)10aHenderson's dictionary of biological terms /c I. F. Henderson, a10th ed. aNew York :bJohn Wiley & Sons ;aBurnt Mill, Essex :bLongman Scientific & Technical,cc1989. a637 p. ;c23 cm. a"A Wiley-Interscience publication." 2aBiologyvDictionary.1 aHenderson, W. D.q(William Dawson)1 aLawrence, Eleanor.